00481 2200193 4500001002100000005001500021035002000036245003500056100001400091250000600105300003500111856004500146260003100191082000800222084001400230020002100244600001000265990001200275INLIS00000000000196720250523105037 a0010-05250002591 aCeros dan Batozar /cTere Liye0 aTere Liye a1 a360 :bIlust ;c13,5 x 19,5 cm aRuang Baca Umum No Klas 800 ( Rak 3,4,5) aJakarta :bGramedia,c2018 a813 a813 TER c a9786-0203-859-14 4aFiksi a0754553